000 01289cam a22003494a 4500
999 _c3293
_d3293
001 12922045
003 GZU
005 20201125080739.0
008 010621s2001 enk f 001 0 eng
010 _a 2002483584
020 _a9780421901902
035 _a(UkLWHE)b000117129
040 _aDLC
_cDLC
_dDLC
042 _apcc
043 _ae-uk---
050 0 0 _aKD1480.
_bH39 2001
082 0 0 _a346.4105/9
_221
100 1 _aHayton, David J.
245 1 0 _aCommentary and cases on the law of trusts and equitable remedies /
_cHayton and Marshall.
250 _a12th ed. /
_bby David J. Hayton.
260 _aLondon :
_bSweet & Maxwell,
_c2005.
300 _alxxxiii, 985 p. ;
_c24 cm.
500 _aRev. ed. of: Cases and commentary on the law of trusts and equitable remedies / Hayton and Marshall. 11th ed.
500 _aIncludes index.
650 0 _aTrusts and trustees
_zGreat Britain
_vCases.
650 0 _aEquitable remedies
_zGreat Britain
_vCases.
700 1 _aMarshall, Oshley Roy,
_cSir.
700 1 _aHayton, David J.
_tCases and commentary on the law of trusts and equitable remedies.
906 _a7
_bcbc
_corigres
_d2
_encip
_f20
_gy-gencatlg
942 _2lcc
_cBK
_e12th ed.
_h1480
_iHAY
_kKD
_m2005